Los almirantes Blanco y Cochrane y las campañas navales de la Guerra de la Independencia
Guardat en:
| Autors principals: | , |
|---|---|
| Format: | Llibre |
| Idioma: | espanyol |
| Publicat: |
Valparaíso, Chile.
Universitarias,
2017
|
| Edició: | 1a. ed |
| Matèries: | |
| Etiquetes: |
Afegir etiqueta
Sense etiquetes, Sigues el primer a etiquetar aquest registre!
|
MARC
| LEADER | 00000cam a2200000 a 4500 | ||
|---|---|---|---|
| 001 | UCC2109 | ||
| 003 | CL-VaPUC | ||
| 005 | 20211008112048.0 | ||
| 008 | 171230e20170000cl |||||||||||||||||spa|d | ||
| 999 | |c 370398 |d 370396 | ||
| 020 | |a 9789561707344 | ||
| 040 | |c Pontificia Universidad Católica de Valparaíso | ||
| 082 | 0 | 4 | |a 983.04 JOR 2017 |2 21 |
| 100 | |a Jordán Astaburuaga, Gustavo |e author |9 601429 | ||
| 245 | 1 | 4 | |a Los almirantes Blanco y Cochrane y las campañas navales de la Guerra de la Independencia |
| 250 | |a 1a. ed | ||
| 260 | |a Valparaíso, Chile. |b Universitarias, |c 2017 | ||
| 300 | |a 318 páginas. | ||
| 583 | |a last modification |c 20171230 00:11:00 |k Rodrigo Vera | ||
| 600 | 0 | |a Blanco Encalada, Manuel |2 CL-VaPUC |9 442306 | |
| 600 | 0 | |a Cochrane, Thomas Alexander |2 CL-VaPUC |9 438892 | |
| 650 | 0 | |a Historia de Chile Siglo 17 |2 CL-VaPUC |9 317758 | |
| 650 | 0 | |a Guerra de la independencia |9 331979 | |
| 700 | 0 | |a Castagneto Garviso, Piero |e author |9 596274 | |
| 942 | |c BK |2 ddc | ||
| 945 | |d 20171230 00:11:00 |a dcastane | ||
| 952 | |0 0 |1 0 |3 erd |4 0 |6 983_040000000000000_JOR_2017 |7 0 |8 X |9 486819 |a FDOBUD |b FDOBUD |i 5445213 |o 983.04 JOR 2017 |p 5445213 |r 2019-11-24 |w 2019-11-24 |y BK_X |z Catalogado en:20171230 |k BUD | ||
| 952 | |0 0 |1 0 |3 erd |4 0 |6 983_040000000000000_JOR_2017 |7 0 |8 A |9 486820 |a BIBHIS |b BIBHIS |i 5561132 |o 983.04 JOR 2017 |p 5561132 |r 2025-01-20 |w 2019-11-24 |y BK |z Catalogado en:20190914 |k HIS | ||